00404nam a2200157Ia 4500008004100000020001500041041001200056082001600068100003900084245002600123250001200149260002800161300001300189500002700202650001700229231217s9999 xx 000 0 und d a818501566X aEnglish a515 APO1;8 aApostol, Tom M. Murthy, Bhanu T S. 0aMathematical analysis a2nd ed. c1974bNarosaaNew Delhi axix, 500 aContent page available aMathematical